Normal view
MARC view
- Chong, Ken/Sunil saigal, Stefan Thynell.Harold Morgan
Entry Personal Name
001 - CONTROL NUMBER
- control field: 5149
003 - CONTROL NUMBER IDENTIFIER
- control field: JO-AjAnu
005 - DATE AND TIME OF LATEST TRANSACTION
- control field: 20230606071134.0
008 - FIXED-LENGTH DATA ELEMENTS
- fixed length control field: 230606|| aca||aabn | a|a d
040 ## - CATALOGING SOURCE
- Original cataloging agency: JO-AjAnu
- Transcribing agency: JO-AjAnu
100 ## - HEADING--PERSONAL NAME
- Personal name: Chong, Ken/Sunil saigal, Stefan Thynell.Harold Morgan
670 ## - SOURCE DATA FOUND
- Source citation: Work cat.: (JO-AjAnu)2660: Chong, Ken/Sunil saigal, Stefan Thynell.Harold Morgan, author, Modeling and Simulation -Based life cycle Engineering